| 000 | 00343nam a2200145Ia 4500 | ||
|---|---|---|---|
| 008 | 230312s9999||||xx |||||||||||||| ||und|| | ||
| 020 | _a1-4188-3618-4 | ||
| 082 |
_a005.133 _bZAK-I |
||
| 100 | _aBryant;Randal | ||
| 245 | 0 | _aComputer Systems | |
| 260 |
_bCourse _aCanada _c2008 |
||
| 300 | _a916 | ||
| 650 |
_aComputer _vComputer |
||
| 942 | _cBK | ||
| 999 |
_c15218 _d15218 |
||